01417nam a22002894c 4500003000900000008004100009020001800050040003100068041001900099080001100118100002100129245001900150250002200169264004500191300004100236336002700277337003300304338002800337490002100365520053300386521002500919650002700944650002600971942001400997999001301011952010301024AR-BaSMT260520b2021 aga|||br|||| 000 1|spa d a9789877670882 aBSGBbespañolcBSGBerda0 aspahespañol a82-34 1 aDema, Pablo952210aLía y el mar aPrimera edición 1aBuenos aires : bPlaneta lector , c2021 a56 páginas ; bilustraciones color 2rdacontentatextobtxt 2rdamediaasin mediaciónbn 2rdacarrieravolumenbnc aPlaneta amarillo0 aLa primera vez que Lía ve el mar, le parece horrible, horrible. Y el mar se queda preocupado. Pero con el correr del tiempo van teniendo otros encuentros, reuniones en las que Lía comienza a conocerlo, a entrar en confianza, a verlo como una amiga más, para terminar sintiendo que puede fundirse en él como si fueran una misma gota de agua. Lía y el mar tienen una relación fuerte, intensa, que sube y baja como las olas. O como la vida misma.uhttps://www.planetalector.com.ar/libros/lia-y-el-mar/306127/ 20/05/2026 aA partir de 5 años 798aLITERATURA INFANTIL 7923aCUENTOzArgentina 2ddcaBOOK c694d694 00102ddc40aBSGBbBSGBcAmarilloedonación editoriali001075l0o82-34 DEMp001075t1yBOOKf